000 00633nam a22002177a 4500
005 20171003151415.0
008 171003b xxu||||| |||| 00| 0 eng d
020 _a2-225-84503-4
040 _aBUAC
_cBUC
041 _aFre
100 _aDemangeot, Jean
245 _aLes Milieux "naturels" du globe
_c/ par Jean Demangeot
250 _a5e éd.
260 _aParis :
_bMasson,
_c1994
300 _a313 p.
_bcouv. en coul. ;
_c24 cm
440 _a(Géographie générale physique et humaine)
500 _aBibliogr. pp 305-306 Index pp 307-313
630 _aHistoire-Géographie
650 _aMilieu naturel
942 _cLBA
999 _c57218
_d57218